| 000 | 04341nkm0a2200577 4500 | ||
|---|---|---|---|
| 001 | RU\NLR\bibl\2087260 | ||
| 005 | 20250806204037.0 | ||
| 020 |
_aRU _b1124 _9ЛЕНИНГРАД В ВЕЛИКОЙ ОТЕЧЕСТВЕННОЙ ВОЙНЕ : Печать Ленинграда, 1941 - 1945 : каталог изданий, хранящихся в фондах Гос. Публ. б-ки, вып.2. Листовки, плакаты, открытки, альбомы / Гос. публ. б-ка им. М.Е. Салтыкова-Щедрина. - Ленинград, 1972 |
||
| 035 | _a(NLR Aleph) 010198928 | ||
| 071 | 5 | 0 |
_a2582 _d50 коп. _915000 |
| 090 |
_a77082 _c77082 |
||
| 100 | _a20140127d1943 u y0rusy50 ca | ||
| 101 | 0 | _arus | |
| 102 | _aRU | ||
| 116 | _adiyc||||||zz ae | ||
| 135 | _acrcn 024apaba | ||
| 200 | 1 |
_aКомсомолец Владимир Князев. Токарь, лучший производственник Н-ского завода. Систематически выполняет 3-4 нормы в смену _bИзоматериал _eпочтовая карточка _fхудож.: В. Пилявский _gред.: Г. Семенова |
|
| 210 |
_aЛенинград _cИскусство _d1943 _gЛТ УН-1 |
||
| 215 |
_a1 л. _cцв. автотип. _d15,7х11,2 |
||
| 300 | _aЦенз. разрешение: М-02973 | ||
| 300 | _aИзд. номер: 2582 | ||
| 321 | 1 |
_aСражающийся Ленинград. Почтовая открытка = Postcard. Leningrad in strugle : энциклопедический каталог / А.Д. Гдалин, М.Р. Иванова ; [Союз проф. литераторов России и др.]. - Санкт-Петербург : Инфо-Да, 2007. _c482 |
|
| 325 | 1 | _aЭлектронная копия доступна в Электронной библиотеке РНБ | |
| 327 | 0 | _aПортрет, голова, прямолично, в круглом медальоне; внизу Петропавловская крепость и памятник Петру I ("Медный всадник") в Ленинграде | |
| 517 | 1 | _aТокарь, лучший производственник Н-ского завода | |
| 517 | 1 | _aСистематически выполняет 3-4 нормы в смену | |
| 540 | 1 | _aКнязев Владимир, токарь, комсомолец | |
| 540 | 1 | _aПортрет, голова, прямолично, в круглом медальоне; внизу Петропавловская крепость и памятник Петру I ("Медный всадник") в Ленинграде | |
| 540 | 1 | _aПетропавловская крепость (Ленинград) | |
| 540 | 1 | _aПамятник Петру I (Ленинград) | |
| 540 | 1 | _aМедный всадник (Ленинград) | |
| 606 | 1 |
_aБлокада Ленинграда _z1941 - 1944 _xИзображение на почтовых открытках маркированных художественных _z1941 - 1945 _2nlr_sh2 _3RU\NLR\auth\6601539002 |
|
| 686 | _aЩ153(2Р=Рус)7-489 | ||
| 686 | _aЩ153(2Р=Рус)7-3 | ||
| 700 | 1 |
_aПилявский _bВ. И. _f1910-1984 _gВладимир Иванович _3RU\NLR\auth\770126908 _4040 |
|
| 702 | 1 |
_aСеменова _bГ. В. _cискусствовед _gГалина Васильевна _3RU\NLR\auth\770129373 _4340 |
|
| 702 | 1 |
_aКнязев _bВ. _gВладимир _4570 |
|
| 801 | 0 |
_aRU _bNLR _c19720101 _gPSBO |
|
| 801 | 1 |
_aRU _bNLR _c20140127 _gRCR |
|
| 852 |
_aNLR _bЛ3-310о _j28/13 |
||
| 856 | 0 | _uhttp://vivaldi.nlr.ru/lo000070397/view | |
| 856 | 1 | _uhttp://vivaldi.nlr.ru/lo000070397/cover | |
| 856 | 2 | _uhttp://vivaldi.nlr.ru/lo000070397/text | |
| 901 | _eИзографические материалы | ||
| 942 | _cVISUAL | ||
| 945 | _aРоссийская национальная библиотека | ||
| 980 | _aBV | ||
| 981 | 3 | 7 |
_a(37) Ленинград в Великой Отечественной войне _b(37) Открытки блокадного Ленинграда |
| 981 | 1 | 7 |
_a(17) Изографические материалы _b(17) Открытки |